[Event "Nordic-ch"]
[Site "Sarpsborg"]
[Date "2019.06.21"]
[Round "1"]
[White "Thorn, Eric"]
[Black "Pettersen, Morgan Buckholm"]
[Result "1-0"]
[WhiteElo "2230"]
[BlackElo "1508"]
[PlyCount "83"]
[EventDate "2019.06.21"]
[EventType "swiss"]
[EventRounds "9"]
[EventCountry "NOR"]
[SourceTitle "CBM 191 Extra"]
[Source "ChessBase"]
[SourceDate "2019.09.30"]
[SourceVersion "1"]
[SourceVersionDate "2019.09.30"]
[SourceQuality "1"]

1. d4 d5 2. c4 c6 3. Nc3 Nf6 4. e3 e6 5. Nf3 Be7 6. Bd3 0-0 7. 0-0 Nbd7 8. b3 dxc4 9. bxc4 c5 10. d5 exd5 11. cxd5 Re8 12. e4 Ng4 13. Bf4 Bf6 14. Rc1 Nde5 15. Nxe5 Nxe5 16. Be2 a6 17. Be3 Nd7 18. d6 Bxc3 19. Rxc3 b6 20. Qd2 Bb7 21. f3 h6 22. a4 Rc8 23. Rb1 Qf6 24. Bc4 Rc6 25. Bf4 Rcc8 26. Rcb3 Rcd8 27. Bg3 Bc8 28. Qd3 Ne5 29. Bxe5 Qxe5 30. Rxb6 Qd4+ 31. Qxd4 cxd4 32. Rd1 Bd7 33. Rxd4 Bxa4 34. Bxf7+ Kxf7 35. Rxa4 Rd7 36. Raxa6 Ke6 37. Rc6 g5 38. Rc7 Rxd6 39. Rcc6 Red8 40. Kf2 Rxc6 41. Rxc6+ Ke5 42. Rxh6 1-0